| 000 | 00740cam a2200265 i 4500 | ||
|---|---|---|---|
| 999 |
_c4229 _d4229 |
||
| 001 | 3082 | ||
| 003 | GBCCL | ||
| 005 | 20241126110514.0 | ||
| 008 | 790620s1979 ilu 00010 eng | ||
| 010 | _a 78065555 | ||
| 020 |
_a0896937739 _c$2.25 |
||
| 035 | _aOCM05147447 821119 | ||
| 040 |
_aDLC _cDLC _dm.c. _dLBB |
||
| 049 | _aLBBK | ||
| 050 | 1 |
_aBS2725.3 _b.W53 |
|
| 082 |
_a227.8107 _bWIE |
||
| 092 |
_a227.8207 _bW648 |
||
| 100 | 1 |
_aWiersbe, Warren W. _9623 |
|
| 245 | 1 | 0 |
_aBe ready / _cWarren W. Wiersbe. |
| 260 |
_aWheaton, Ill. : _bVictor Books, _cc1979. |
||
| 300 |
_a174 p. ; _c18 cm. |
||
| 500 | _aOn spine: Be ready: 1 & 2 Thessalonians. | ||
| 630 | 0 | 0 |
_aBible. _pN.T. _pThessalonians _vCommentaries. _98024 |
| 942 |
_2ddc _cBK _02 |
||